00937 2200193 4500245005200000020002200052250001100074100003000085700002400115700001500139650001900154005001900173260003700192041001400229084001000243300002200253500045900275336000900734 aDesain KemasancKlimchuk, Marianne RosnerhText a978-979-015-674-6 aCet. 1 aKlimchuk, Marianne Rosner aKrasovec, Sandra A. aBob Sabran aDesain Kemasan a20230929090334 aJakartabPenerbit Erlanggac2007 aIndonesia a745.2 a259 hlm. :cilus. aDesain Kemasan adalah sumber referensi terlengkap dan bermanfaat bagi mereka yang ingin menciptakan desain-desain kemasan sebagai kendaraan pemasaran untuk produk konsumen. Sarat informasi praktis dan profesional, buku ini membuat saran-saran aktual, penjelasan detail mengenai proses kreatifnya, dan semua masukan berharga mengenai para stekholder, proses desain, dan proses produksi. Buku ini adalah salah satu buku terbaik dalam bidang desain kemasan. atext